Westerny - Statystyki

Ogólne statystyki
  • Ten quiz został rozwiązany 125 razy
  • Średni wynik to 5 z 15
Statystyki odpowiedzi
Hint Odpowiedź % Poprawnych
John Wayne, 1959 Rio Bravo
66%
Jamie Foxx, 2012 Django
64%
Kevin Costner, 1990 Tańczący z wilkami
62%
Clint Eastwood, 1992 Bez przebaczenia
54%
Steve Mcqueen, 1960 Siedmiu wspaniałych
50%
Christian Bale, 2007 3:10 do Yumy
38%
Charles Bronson, 1968 Pewnego razu na dzikim zachodzie
34%
Jeff Bridges, 2010 Prawdziwe męstwo
34%
Johnny Depp, 1995 Truposz
30%
Robert Duvall, 2003 Bezprawie
24%
Paul Newman, 1969 Butch Cassidy i Sundance Kid
23%
Viggo Mortensen, 2008 Appaloosa
19%
Kevin Kline, 1985 Silverado
19%
James Coburn, 1973 Pat Garrett i Billy Kid
11%
Guy Pearce, 2005 Propozycja
2%
Nie znaleziono quizów pasujących do podanych kryteriów
Rozkład punktacji
Procent ludzi z każdym wynikiem
Percentyl według liczby udzielonych odpowiedzi
Twoja historia wyników
Nie rozwiązałeś tego quizu